The largest lakes in the World - Statistics

General Stats
  • This quiz has been taken 12 times
  • The average score is 11 of 20
Answer Stats
Area Continent Answer % Correct
3. 68,870 km2 (26,590 sq mi) Africa Victoria
100%
1. 371,000 km2 (143,000 sq mi) Asia Caspian Sea
92%
5. 58,000 km2 (22,000 sq mi) North America Michigan
92%
2. 82,100 km2 (31,700 sq mi) North America Superior
92%
7. 31,500 km2 (12,200 sq mi) Asia Baikal
83%
11. 25,700 km2 (9,900 sq mi) North America Erie
83%
4. 59,600 km2 (23,000 sq mi) North America Huron
83%
9. 29,500 km2 (11,400 sq mi) Africa Malawi
58%
13. 18,960 km2 (7,320 sq mi) North America Ontario
58%
18. 8,372 km2 (3,232 sq mi) South America Titicaca
58%
8. 31,000 km2 (12,000 sq mi) North America Great Bear Lake
50%
6. 32,600 km2 (12,600 sq mi) Africa Tanganyika
50%
12. 24,514 km2 (9,465 sq mi) North America Winnipeg
50%
10. 27,000 km2 (10,000 sq mi) North America Great Slave Lake
42%
14. 18,130 km2 (7,000 sq mi) Europe Ladoga
33%
19. 8,264 km2 (3,191 sq mi) North America Nicaragua
33%
17. 9,700 km2 (3,700 sq mi) Europe Onega
25%
16. 12,500 km2 (4,800 sq mi) Antarctica Vostok
17%
20. 7,850 km2 (3,030 sq mi) North America Athabasca
8%
15. 16,400 km2 (6,300 sq mi) Asia Balkhash
8%
No matching quizzes found
Score Distribution
Percent of People with Each Score
Percentile by Number Answered
Your Score History
You have not taken this quiz